Statistics for Word Chain - Harry Potter

Click here to take the quiz!

General Stats

  • This quiz has been taken 139 times
    (132 since last reset)
  • The average score is 19 of 29

Answer Stats

HintAnswer% Correct
Harry's first potions masterSeverus {Snape}
100%
Could have been the boy in Trelawney's prophecy{Neville} Longbottom
89%
Harry's second potions masterHorace {Slughorn}
87%
His son died in the Triwizard Championship{Amos} Diggory
84%
Planted Voldemort's diary{Lucius} Malfoy
84%
Bellatrix's sister{Narcissa} Malfoy
81%
The only metamorphamagus in the seriesNymphadora {Tonks}
80%
Harry's best friend{Ron} Weasley
80%
Assigned by Voldemort to kill Dumbledore{Draco} Malfoy
79%
Harry eventual wife{Genevra} Weasley
78%
Harry's first Quidditch captain{Oliver} Wood
76%
Headmaster for Durmstrang{Igor} Karkaroff
75%
Hogwarts's Deputy Headmistress{Minerva} Mcgonagall
75%
Voldemort's snakeNagini
74%
The first of Harrys classmates to be sortedHannah {Abbott}
73%
Harry's godfather's brother{Regulus} Black
73%
Hagrid's acromantulaAragog
67%
The Weasleys' family owlErrol
67%
England's most famous wand-makerOllivander
67%
The above person's sister{Andromeda} Tonks
62%
The creator of the Chamber of SecretsSalazar Slytherin
62%
The second Minister for Magic in the seriesRufus {Scrimgeour}
54%
Fleur's Yule Ball dateRoger {Davies}
51%
Ron's alter-ego in the Ministry for Magic{Reginald} Cattermole
50%
Took a piece of Mad-Eye with him{Evan} Rosier
48%
The nakesake of the magical hospitalSt. Mungo
43%
Owner of the ice cream shop in Diagon Alley{Florean} Fortescue
33%
The first name of the girl haunted by Moaning Myrtle{Olive} Hornby
28%
One of most renowned headmasters of HogwartsEverard
7%

Score Distribution

Percentile by Number Answered

Percent of People with Each Score

Your Score History

You have not taken this quiz since the last reset